| 000 | 01095cam a2200337 a 4500 | ||
|---|---|---|---|
| 001 | 6443 | ||
| 003 | FISKH | ||
| 005 | 20250815121423.0 | ||
| 008 | 110106s2011 caua b 000 1 eng c | ||
| 010 | _a 2010053591 | ||
| 020 | _a9780811878982 (alk. paper) | ||
| 020 | _a0811878988 (alk. paper) | ||
| 020 | _a9780545503952 | ||
| 040 |
_aZQP/DLC _cDLC _dDLC _beng |
||
| 050 | _aPZ7.L592 E | ||
| 082 | _a813.6 | ||
| 100 | 1 | _aLichtenheld, Tom. | |
| 245 | 1 | 0 |
_aE-mergency! / _cTom Lichtenheld [&] Ezra Fields-Meyer. |
| 260 |
_aNew York : _bScholastic, _c2011. |
||
| 300 |
_a34 unnumbered pages : _bcolor illustrations ; _c21 x 26 cm |
||
| 505 | _aJ | ||
| 520 | _aThe letter E has fallen and injured herself-- which letters will replace her and how will words be spelled without her? | ||
| 521 | 8 |
_a480
_bLexile AD |
|
| 521 | 8 |
_aJ
_bRaz-Plus |
|
| 650 | 1 |
_aAlphabet _vFiction. |
|
| 650 | 1 |
_aEnglish language _xSpelling _vFiction. |
|
| 700 | 1 |
_aFields-Meyer, Ezra. _eAuthor |
|
| 906 |
_a7 _bcbc _corignew _d1 _eecip _f20 _gy-gencatlg |
||
| 942 |
_2ddc _cBK _n0 |
||
| 999 |
_c6443 _d6443 |
||